Caperucita Roja aprende a escribir :

Kaydedildi:
Detaylı Bibliyografya
Diğer Yazarlar: Ferreiro, Emilia (autor) (autor)
Materyal Türü: Kitap
Dil:İspanyolca
Baskı/Yayın Bilgisi: Barcelona, España : Gedisa, 1998, c1998
Edisyon:2a edición
Seri Bilgileri:(Lea ; 10)
Konular:
Etiketler: Etiketle
Etiket eklenmemiş, İlk siz ekleyin!

MARC

LEADER 00000nam^a2200000^a^4500
001 000140743
005 20250521000000.0
009 20260310095550.719
020 |a 84-7432-533-1 
037 |a Acervo ITESO - Biblioteca 
041 |a ESP 
082 |a 302. 23209  |b LEA V. 10 
240 1 1 |a [Lea] 
245 1 0 |a Caperucita Roja aprende a escribir :  |c estudios psicolingüísticos comparativos en tres lenguas /  |c E. Ferreiro... [et al.]. 
250 |a 2a edición 
264 4 |a Barcelona, España :  |b Gedisa,  |c 1998, c1998 
300 |a 269 p. 
336 |a texto  |b txt  |2 rdacontenido 
337 |a sin mediación  |b n  |2 rdamedio 
338 |a volumen  |b nc  |2 rdasoporte 
440 1 |a (Lea ;  |v 10) 
649 |a XX 
650 |a Español 
650 |a Italiano 
650 |a Portugués 
650 |a Gramática 
650 |a Lenguas Romances 
650 |a Comunicación Escrita 
650 |a Lenguaje (Adquisición) 
650 |a Lenguaje y Pensamiento 
650 |a Análisis del Discurso 
650 |a Psicolingüística 
650 |a Sociolingüística 
650 |a Literatura Infantil 
650 |a Paquetes (Software) 
650 |a Lingüística Comparativa 
700 |a Ferreiro, Emilia  |e (autor) 
910 |a Fondo General 
920 |a Impresos - Libros 
930 |a Colección General 
905 |a 101 
901 |a 0500069488  |b IT1  |c ACC  |u 20250521 
902 |a https://opac.biblio.iteso.mx/vufind/Record/000140743